|
|
|
|
| LEADER |
00836nam a2200205 a 4500 |
| 001 |
GR-MES5205 |
| 008 |
991111s1995 nyu b 001 b eng d |
| 020 |
|
|
|a 0471545473
|
| 040 |
|
|
|a GrPaTEI
|b gre
|c GR-PaULI
|
| 245 |
0 |
0 |
|a Introduction to plant physiology.
|
| 260 |
|
|
|a New York :
|b Wiley,
|c 1995
|
| 300 |
|
|
|a xv,464σ. :
|b pic.,διαγρ.
|
| 504 |
|
|
|a Περιλαμβάνει βιβλιογραφικές παραπομπές και ευρετήριο.
|
| 650 |
|
4 |
|a Φυσιολογία
|
| 650 |
|
4 |
|a Φυτά
|x Καλλιέργεια
|
| 700 |
1 |
|
|a Hopkins, W.
|
| 942 |
|
|
|2 ddc
|
| 952 |
|
|
|0 0
|1 0
|2 ddc
|4 0
|6 581_100000000000000_HOP
|7 0
|9 275775
|a MSLG
|b MSLG
|c BSC
|d 2021-01-17
|e 24
|f 0
|g 0.00
|l 0
|o 581.1 HOP
|p 2420000014801
|r 2021-01-17 00:00:00
|t 1
|w 2021-01-17
|y BK15
|x 19991111 0 1
|x GrPaTEI
|
| 971 |
|
|
|a .b25836729
|b 15-04-20
|c 14-09-16
|
| 999 |
|
|
|c 159835
|d 159835
|